Quizzes
Events
Quiz Creation
Community
Videos
Private Events
Remove Ads
Sign In
Join for FREE
Feedback
Dark Mode
Quiz Categories
Sports
Geography
Music
Movies
Television
Just For Fun
Miscellaneous
History
Literature
Language
Science
Gaming
Entertainment
Religion
Holiday
For Kids
Quiz Lab
Recent
Popular Today
Quiz Kudos Today
Editor Picks
Curator Picks
Quizzes by...
Day
Popularity
Type
Ratings
Length
Year
Community
Subscriptions
Recent Discussions
Orange Saloon
Badges
Playlists
Quests
Create
Leaderboards
Showdown
Live 5
Trivia Bingo
Activity
Puzzle Library
Sporcle Events
Private Events
Virtual Trivia
Globe League
Become a Host
Pub Owners
SporcleCon
Opinionation
Our Games
Videos
Blog
Mobile Apps
Partnerships
Remove Ads and Go Orange
Feedback
Miscellaneous
Crossword
General Knowledge
Baby Names
Logo
Food
Cars
Numbers
Grab Bag
University
College
Popular
Company
Slogans
Restaurants
Justice
Letter
Miscellaneous
Crossword
General Knowledge
Baby Names
Logo
Food
Cars
Numbers
Grab Bag
University
College
Popular
Company
Slogans
Restaurants
Justice
Letter
Random Quiz
Search Sporcle
×
Quiz Lab
Quiz Lab
Miscellaneous
Popular
Type in answers that appear in a list
Type in answers that appear in a list
Classic
Best Score? Go Orange.
Most Popular Vehicles in US Stats
Can you name the most researched vehicles on Edmunds in November 2012?
By
aApPrR
5m
50 Questions
58 Plays
58 Plays
58 Plays
Comments
Comments
Give Quiz Kudos
Give Quiz Kudos
-
- Ratings
hide this ad
Replay
Link that replays current quiz
Next Quiz
Link to next quiz in quiz playlist
You Got
0%
They Got
Avg Score
31%
Avg Friend Score
Upgrade to see
Score Distribution
Jump to the score distribution portion of the page
Score
0/50
Timer
05:00
0
Plays Today
Number
Vehicle
% Correct
5
Honda Civic
77.6%
8
Toyota Camry
75.9%
2
Honda Accord
72.4%
17
Ford F150
70.7%
24
Toyota Corolla
65.5%
46
Mercedes-Benz C-Class
63.8%
9
Ford Focus
60.3%
6
Nissan Altima
44.8%
14
Ford Explorer
44.8%
30
Ford Mustang
44.8%
49
Mercedes-Benz E-Class
44.8%
31
Toyota Prius
43.1%
3
Honda CR-V
41.4%
4
Ford Fusion
37.9%
20
Ford Fusion Hybrid
37.9%
27
Honda Odyssey
37.9%
32
Hyundai Elantra
36.2%
33
Volkswagen Jetta
36.2%
7
Ford Escape
34.5%
1
Nissan Pathfinder
31%
10
BMW 3 Series
31%
11
Honda Pilot
29.3%
22
Nissan Sentra
29.3%
26
Hyundai Sonata
29.3%
29
Mazda 3
29.3%
Number
Vehicle
% Correct
16
Jeep Grand Cherokee
27.6%
13
Toyota RAV4
25.9%
35
Toyota Tacoma
25.9%
36
BMW 5 Series
25.9%
21
Volkswagen Passat
24.1%
23
Toyota Highlander
24.1%
25
Subaru Outback
22.4%
48
Chevrolet Cruze
22.4%
28
Chevrolet Equinox
20.7%
15
Hyundai Santa Fe
19%
42
Subaru Impreza
15.5%
44
Ford Edge
15.5%
45
Toyota Avalon
15.5%
19
Mazda CX-5
13.8%
37
Kia Optima
13.8%
40
BMW X5
13.8%
50
Acura TL
13.8%
12
Kia Sorento
12.1%
38
Acura MDX
12.1%
39
Subaru Forester
12.1%
43
Hyundai Genesis
12.1%
47
Acura RDX
12.1%
18
Ford C-Max
10.3%
34
Audi Q5
10.3%
41
Lexus RX350
8.6%
Quiz Playlist
Details
Report
Send in Message
Add To Playlist
Classic:
Type in answers that appear in a list
Quiz Source
Last Updated: Feb 16, 2017
Quiz Scoreboard
CHALLENGE
Sign Up to Join the Scoreboard
Show All
Scores
Hide
Comments
May contain spoilers
Recently Published
Decade Duel: World Leaders
by jenniferyan
History
4m
Alphabetical 'K' Countries by Flag Minefield
by ylime102
Geography
3m
Pick 6: Fruits
by JohnFran
Miscellaneous
15s
More to Explore
Quiz From the Vault
Featured Blog Post
15 Basketball Trivia Facts You Can Be March Mad About
hide this ad
You Might Also Like...
Tags
Popular Quiz
2012
November
Vehicles
Today's Top Quizzes in Miscellaneous
Browse Miscellaneous
hide this ad
Today's Top Quizzes in Popular
Browse Popular
Top Contributed Quizzes in Miscellaneous
1
Spring Months consonants
2
The JOE quick-fire general knowledge quiz: Day 166
3
Pick 6: Vegetables
4
Pick 6: Supreme Pizza
5
Four Seasons
6
The JOE quick-fire general knowledge quiz: Day 165
7
Pick 6: University Mascots
8
Guess the 'S' Things in 3 Words
9
Sporcle Acrostic Puzzle XXXV
10
Guess the 'T' Things in 3 Words
Explore More
Trending Topics
Kpop
Crossword
Harry Potter
Anime
Marvel
NBA
Disney
Song
NFL
Country
Puzzle
Soccer
WWE
The Office
Pokémon
hide this ad
More By:
aApPrR
Quiz
Plays
Rating
Category
Featured
Created
America's Got Talent Judges
794
3.67
Entertainment
Jul 22, 2013
Metro North New Haven Line
240
4.50
Miscellaneous
Jul 22, 2013
Honda USA Vehicle History
180
5.00
Entertainment
Jan 25, 2013
University of Delaware Dorms
156
3.50
Miscellaneous
Nov 19, 2012
2012 Best Selling Cars
154
5.00
Miscellaneous
Jul 22, 2013
Go to Creator's Profile
Score Distribution
Quiz Creator Spotlight
aApPrR
Follow
Send a Message
Quizzes Created
-
Created Quiz Play Count
-
More By This Creator
Popular Quizzes Today
1
Countries of Asia Without Outlines Minefield
2
Find the US States - No Outlines Minefield
3
Pick 6: Fruits
4
Alphabetical 'K' Countries by Flag Minefield
5
The Countries of the World
6
Find the Countries of Europe - No Outlines Minefield
7
Find the US States
8
US States
More Miscellaneous Quizzes
Top 20 Baby Girl Names of the '90s
Published
Trending Quizzes
Pick 6: Mountains
Pick 6: Harry Potter
Pick 6: Flags
Pick 6: NFL Teams
Pick 6: Movie Franchises
Recently Updated
Adaptations: Name the Title
pecheneg
NWSL Teams
pecheneg
Women's Final Four Teams by Year
bhenderson79
Presidents Quartet II
eogle
Anything But Clue(do)
eogle
Anything But Oceanian Capitals
eogle
Anything But 7
eogle
Anything But Thing
eogle
Word Ladder: February 29
pecheneg
Song Title Questions
pecheneg
Trending Topics
Crossword
Marvel
Anime
Harry Potter
Kpop
NBA
Disney
Country
Soccer
Puzzle
WWE
NFL
Song
Pokémon
The Office
Your Account Isn't Verified!
In order to create a playlist on Sporcle, you need to verify the email address you used during registration. Go to your
Sporcle Settings
to finish the process.
Report this User
Report this user for behavior that violates our
Community Guidelines
.
Details:
Send Report
Go to the Sporcle.com Mobile Site →
Comments